| 000 | 00373nam a2200157Ia 4500 | ||
|---|---|---|---|
| 008 | 221030s9999 xx 000 0 und d | ||
| 020 | _a8173916047 | ||
| 041 | _aEnglish | ||
| 082 |
_a105.23 _bNeg |
||
| 100 | _aJ. Negi | ||
| 245 | 0 |
_aTravel Agency Operations _cby J. Negi |
|
| 260 |
_bKanishka Pub. _aNew Delhi _c2003 |
||
| 300 | _a282 | ||
| 650 | _aManagement | ||
| 942 | _cBK | ||
| 999 |
_c196 _d196 |
||